000 00520nam a22001577a 4500
003 OSt
005 20240904153423.0
008 240904b ||||| |||| 00| 0 eng d
040 _cAIMIT LIBRARY
100 _aShetty, Prajwal J.
_e2216133
_9178702
245 _aStudy on financial performance and growth of cloudnine Hospital /
_cBy Prajwal J Shetty ; Guided by Poulami Saha.
260 _aBengaluru ;
_c2024.
700 _aSaha, Poulami.
_eGuide
_9178703
856 _3Cloudnine
_ywww.clodninecare.com
942 _2ddc
_cPRO
999 _c231733
_d231733